Clinical epidemiology

Bibliographic Details
Format: Electronic Journal
Language:English
Published: [Auckland, N.Z.] : Dove Medical Press, ©2009-
Subjects:
Online Access:Full text available from Research Library: 01/01/2009 to present

MARC

LEADER 00000nas a2200000 a 4500
001 ssj0000331770
003 WaSeSS
005 20200512172242.0
006 m d
007 cr n
008 081121c20099999nz uu p s 0 a0eng c
010 |a  2010243417 
016 7 |a 101531700  |2 DNLM 
022 |a 1179-1349  |l 1179-1349 
035 |a (WaSeSS)ssj0000331770 
040 |a NZ1  |b eng  |c NZ1  |d OCLCQ  |d NLM  |d OCLCQ  |d OCLCO  |d OCLCQ  |d OCLCF  |d CUS  |d OCLCO  |d OCL  |d EUW  |d OCLCO  |d OCLCQ  |d OCLCO  |d OCLCQ  |d CASUM  |d OCLCO  |d OCLCQ  |d OCLCA  |d OCLCO  |d OCLCA  |d OCLCQ  |d OCLCA  |d WaSeSS 
042 |a pcc 
050 1 4 |a RA648.5 
060 1 0 |a W1 
082 0 4 |a 614.405  |2 22 
210 1 |a Clin. epidemiol. 
210 1 0 |a Clin Epidemiol  |2 dnlm 
222 0 |a Clinical epidemiology 
245 0 0 |a Clinical epidemiology  |h [electronic resource]. 
260 |a [Auckland, N.Z.] :  |b Dove Medical Press,  |c ©2009- 
362 1 |a Began with v. 1 (2009). 
500 |a Archived by the National Library of New Zealand. 
500 |a Hypertext links contained in the archived instances of this title are non-functional.  |5 Nz 
506 |a License restrictions may limit access. 
515 |a Articles added irregularly during the year and collected into annual issues. 
538 |a Mode of access: World Wide Web. 
588 |a Description based on first issue; title from journal home page (viewed May 20, 2009). 
588 |a Latest issue consulted: Vol. 2010:2 (viewed May 25, 2010). 
650 0 |a Epidemiology  |v Periodicals. 
650 0 |a Clinical epidemiology  |v Periodicals. 
650 7 |a Epidemiology  |2 fast  |0 (OCoLC)fst00914091 
650 7 |a Clinical epidemiology.  |2 fast  |0 (OCoLC)fst00864353 
650 1 2 |a Epidemiology. 
655 0 |a Electronic journals. 
856 4 0 |z Full text available from Research Library: 01/01/2009 to present  |u https://search.proquest.com/publication/3933188